000 00611nam a2200229 i 4500
001 15640
003 ES-MaACL
005 20230906151124.0
007 t|
008 000407s1999 sp ||||1| spa d
020 _a84-8428-008-X
080 _a821.134.2-31"19"
100 1 _aFuentes, Eugenio.
_952896
245 1 3 _aEl interior del bosque /
_cEugenio Fuentes.
250 _a1ยช ed.
260 _aBarcelona :
_bAlba,
_c1999.
300 _a382 p. ;
_c21 cm.
490 1 _aA literaria ;
_v47
830 0 _aA literaria ;
_v47
_9179807
852 _aES-MaACL
_jL-22794
_bR.128193
999 _c15640
_d15640